000 00402nam a22001697a 4500
005 20220517113158.0
020 _a9780849344756
041 _aEnglish
082 _a004.16 Q13 RAF
100 _aRafiquzzaman Mohamed
245 _aMicroprocessors and Microcomputer-Based System Design
250 _a2
260 _aNew Delhi
_bCRC Press
_c2013
300 _a775
365 _b795.00
942 _cBK
999 _c168027
_d168027